000 00798nam a2200193 4500
999 _c3816
_d3816
008 160811b xxu||||| |||| 00| 0 eng d
022 _a01153153
082 _aDPer 150.5 P53 June-Dec 2014 v. 47, n. 1 & 2
100 _912696
_aCagas, Jonathan.
243 _aPhilippine journal of psychology
245 _a"Pampapayat, para lumakas, to be healthy":
_bexploring Filipino motives for exercise/
_cJonathan Cagas, Beatriz Torre and Eric Julian Manalastas.
260 _aQuezon City:
_bPsychological Association of the Philippines,
_c©2014.
300 _av47 n1, pages 145-161;
_c24 cm.
500 _aPhilippine Journal of Psychology
650 0 _912697
_aExercise
700 _940906
_aTorre, Beatriz
_eAuthor.
700 _940907
_aManalastas, Eric Julian.
_eAuthor.
942 _2ddc
_cPER